书目信息 |
| 题名: |
怎样使用电子计算器
|
|
| 作者: | 袁幼卿 编译 | |
| 分册: | ||
| 出版信息: | 北京 科学普及出版社 1985 |
|
| 页数: | 132页 | |
| 开本: | 19cm | |
| 丛书名: | ||
| 单 册: | ||
| 中图分类: | O1-8 | |
| 科图分类: | ||
| 主题词: | 电子计算器--应用 | |
| 电子资源: | ||
| ISBN: | ||
| 000 | 00650nam0 2200241 45 | |
| 001 | 0185010504 | |
| 005 | 20040521155533.9 | |
| 010 | @dCNY0.58 | |
| 091 | @a15051.1147 | |
| 100 | @a19900904d1985 em y0chiy0121 ea | |
| 101 | 0 | @achi |
| 102 | @aCN@b110000 | |
| 105 | @ay z 000yy | |
| 106 | @ar | |
| 200 | 10 | @a怎样使用电子计算器@Azen yang shi yong dian zi ji suan qi@f袁幼卿编译 |
| 210 | @a北京@c科学普及出版社@d1985 | |
| 215 | @a132页@d19cm | |
| 606 | @a电子计算器@x应用 | |
| 690 | @aO1-8@v3 | |
| 701 | 0 | @a袁幼卿@Ayuan you qing@4编译 |
| 801 | 0 | @aCN@b深圳图书馆@c20040521 |
| 801 | 2 | @aCN@bNLC@c20040521 |
| 905 | @f4@b142560-563@dO1-8@e133 | |
| 怎样使用电子计算器/袁幼卿编译.-北京:科学普及出版社,1985 |
| 132页;19cm |
| ISBN :CNY0.58 |
| ● |
| 相关链接 |
|
|
|
|
正题名:怎样使用电子计算器
索取号:O1-8/133
 
预约/预借
| 序号 | 登录号 | 条形码 | 馆藏地/架位号 | 状态 | 备注 |
| 1 | 0142560 | 001247797 | 第三借阅区/ [索取号:O1-8/133] | 在馆 | |
| 2 | 0142561 | 001247804 | 第三借阅区/ [索取号:O1-8/133] | 在馆 | |
| 3 | 0142562 | 001247840 | 第三借阅区/ [索取号:O1-8/133] | 在馆 | |
| 4 | 0142563 | 001247911 | 第三借阅区/ [索取号:O1-8/133] | 在馆 | |
| 5 | 0142564 | 001247831 | 第二样本阅览室/ [索取号:O1-8/133] | 在馆 |